[Event "Michigan Amateur"]
[Site "Kalamazoo, MI"]
[Date "2002.10.20"]
[Round "5.11"]
[White "Dorrington, Eldon"]
[Black "Schooley, Benjamin"]
[Result "1-0"]
[WhiteElo "1661"]
[BlackElo "1157"]
[PlyCount "133"]
[EventDate "2002.10.19"]

1. c4 e6 2. Nc3 d5 3. cxd5 exd5 4. Nf3 Nf6 5. g3 Be7 6. Bg2 O-O 7. O-O c5 8. d3
Nc6 9. Bg5 Be6 10. Rb1 Qd7 11. a3 Rfd8 12. Qa4 a6 13. Rfc1 Rac8 14. Qd1 h6 15.
Bxf6 Bxf6 16. Na4 Qd6 17. Nxc5 Rc7 18. Nxe6 fxe6 19. b4 b5 20. d4 Nb8 21. Rxc7
Qxc7 22. Rc1 Qd6 23. e3 Nd7 24. Qc2 Nb6 25. Qd3 Nc4 26. Nd2 Rc8 27. Nb3 Rc6 28.
Nc5 Rb6 29. Bh3 Qe7 30. e4 dxe4 31. Qxe4 e5 32. Nd7 Rd6 33. Nxf6+ Qxf6 34. dxe5
Qxe5 35. Qb7 Kh7 36. Bg2 Nd2 37. h3 h5 38. Qa8 Rf6 39. Qa7 Nc4 40. f4 Qe6 41.
Qd4 g6 42. a4 Qd6 43. Qa7+ Kh6 44. axb5 axb5 45. Qc5 Qb6 46. Qxb6 Rxb6 47. Kf2
g5 48. Bf1 gxf4 49. gxf4 Nd6 50. Bd3 Ne8 51. Rc5 Nd6 52. Kf3 Rb8 53. Rc6 Rd8
54. Bxb5 Kg6 55. Be2 Kf7 56. b5 Nf5 57. Rc7+ Kf6 58. Bc4 Rb8 59. Rc6+ Kg7 60.
Ke4 Ne7 61. Rc7 Kf6 62. Rc5 h4 63. Re5 Rb7 64. Re6+ Kg7 65. f5 Nc8 66. Kf4 Rb6
67. Kg4 1-0

[Event "Michigan Amateur"]
[Site "Kalamazoo, MI"]
[Date "2002.10.20"]
[Round "4.19"]
[White "Crane, John"]
[Black "Tyle, Sheel"]
[Result "1/2-1/2"]
[WhiteElo "1305"]
[BlackElo "781"]
[PlyCount "67"]
[EventDate "2002.10.19"]

1. d4 d5 2. Nf3 Nc6 3. e3 Bg4 4. Nbd2 e5 5. Be2 exd4 6. Nxd4 Bxe2 7. Qxe2 Nxd4
8. exd4+ Qe7 9. Qxe7+ Nxe7 10. O-O Nf5 11. Re1+ Be7 12. c3 O-O 13. Nf3 b5 14.
g4 Nh4 15. Nxh4 Bxh4 16. Bf4 c6 17. Bd6 Rfd8 18. Bc5 a5 19. Re2 Re8 20. Rae1
Rxe2 21. Rxe2 h6 22. a3 b4 23. cxb4 axb4 24. Bxb4 f6 25. f4 g6 26. h3 f5 27.
Kg2 fxg4 28. hxg4 Bf6 29. Bc5 Ra4 30. Rd2 Kf7 31. Rd3 Be7 32. Bxe7 Kxe7 33. b4
Kf6 34. Kg3 1/2-1/2

[Event "Michigan Amateur"]
[Site "Kalamazoo, MI"]
[Date "2002.10.20"]
[Round "5.15"]
[White "Carter, Ashley"]
[Black "Post, Robert"]
[Result "0-1"]
[WhiteElo "937"]
[BlackElo "1516"]
[PlyCount "108"]
[EventDate "2002.10.19"]

1. d4 Nf6 2. c4 g6 3. Nc3 Bg7 4. Nf3 d6 5. e3 O-O 6. b3 Nbd7 7. Be2 c5 8. Bb2
a6 9. O-O b6 10. a3 Bb7 11. d5 Qc7 12. Qc2 e6 13. e4 exd5 14. exd5 Rfe8 15.
Rfe1 Ng4 16. h3 Nge5 17. Rad1 Rad8 18. Nxe5 Nxe5 19. Bd3 Nxd3 20. Qxd3 Bc8 21.
Qc2 Bf5 22. Qc1 h5 23. Rxe8+ Rxe8 24. Re1 Rxe1+ 25. Qxe1 Qd7 26. b4 Kh7 27. Bc1
Bd3 28. Bb2 Bxc4 29. Qe4 b5 30. Qf3 cxb4 31. axb4 Qe7 32. Qd1 Qh4 33. Qf3 f5
34. Kh2 Be5+ 35. g3 Bf1 36. Qh1 Qxh3+ 37. Kg1 Qxh1+ 38. Kxh1 Bd3 39. Kg2 g5 40.
f3 Kg6 41. Nd1 Bxb2 42. Nxb2 Bc2 43. Kf2 Bb3 44. Nd1 Bxd1 45. Ke3 h4 46. gxh4
gxh4 47. f4 Kh5 48. Kf2 Kg4 49. Kg1 Kxf4 50. Kh2 Kg4 51. Kg1 Kg3 52. Kh1 Bf3+
53. Kg1 h3 54. Kf1 h2 0-1

[Event "Michigan Amateur"]
[Site "Kalamazoo, MI"]
[Date "2002.10.20"]
[Round "4.7"]
[White "Blaine, Roger"]
[Black "Holden, Anthony"]
[Result "1-0"]
[WhiteElo "1710"]
[BlackElo "1483"]
[PlyCount "51"]
[EventDate "2002.10.19"]

1. f4 c5 2. Nf3 d6 3. b3 Bg4 4. Bb2 Nc6 5. e3 e5 6. fxe5 dxe5 7. Be2 Nh6 8. O-O
Bd6 9. e4 Bxf3 10. Bxf3 c4 11. Nc3 Bc5+ 12. Kh1 Bd4 13. Rb1 cxb3 14. axb3 O-O
15. Ba3 Re8 16. Nd5 Rc8 17. c3 Bb6 18. Qe1 Re6 19. Qg3 Rg6 20. Qh3 Re6 21. Bh5
Qg5 22. Bxf7+ Nxf7 23. Qxe6 Rf8 24. Bxf8 Ncd8 25. Qe8 Nd6 26. Bxd6# 1-0

[Event "Michigan Amateur"]
[Site "Kalamazoo, MI"]
[Date "2002.10.20"]
[Round "5.20"]
[White "Benson, Kurt"]
[Black "Aldrich, Justin"]
[Result "1-0"]
[WhiteElo "928"]
[BlackElo "1631"]
[PlyCount "85"]
[EventDate "2002.10.19"]

1. e4 e5 2. Nf3 Nc6 3. Bc4 Bc5 4. d3 d6 5. Ng5 Nh6 6. Nf3 Ng4 7. O-O O-O 8. h3
Nf6 9. Bg5 h6 10. Bh4 Na5 11. Nc3 Nxc4 12. dxc4 c6 13. Na4 Bb6 14. Nxb6 axb6
15. b4 c5 16. bxc5 bxc5 17. Nd2 Qe7 18. Nb1 Qe6 19. Bxf6 Qxf6 20. Qd3 Qe6 21.
Nc3 Ra3 22. Rab1 f5 23. f3 fxe4 24. fxe4 Rxf1+ 25. Rxf1 Bd7 26. Rb1 Bc6 27. Rb3
Ra8 28. Nd5 Rxa2 29. Rc3 Ra1+ 30. Kh2 Qf7 31. Qg3 Bxd5 32. Rf3 Qe7 33. cxd5 b5
34. Qg4 Ra8 35. Rb3 b4 36. c3 Ra3 37. Rxa3 bxa3 38. Qc8+ Qf8 39. Qa6 Qf4+ 40.
g3 Qf2+ 41. Kh1 a2 42. g4 Qf1+ 43. Qxf1 1-0

[Event "Michigan Amateur"]
[Site "Kalamazoo, MI"]
[Date "2002.10.20"]
[Round "5.17"]
[White "Avery, James"]
[Black "Gattinger, John"]
[Result "0-1"]
[WhiteElo "744"]
[BlackElo "1452"]
[PlyCount "70"]
[EventDate "2002.10.19"]

1. e4 c6 2. Nf3 d5 3. exd5 cxd5 4. d4 Nf6 5. Bd3 Bg4 6. Be3 Nc6 7. O-O e6 8. c4
dxc4 9. Bxc4 Bd6 10. Re1 O-O 11. Nc3 a6 12. Bg5 Be7 13. Ne4 Bxf3 14. gxf3 Qxd4
15. Qxd4 Nxd4 16. Nxf6+ gxf6 17. Bh6 Nxf3+ 18. Kg2 Nxe1+ 19. Rxe1 Rfc8 20. b3
Kh8 21. Re3 Rg8+ 22. Kh3 Rg6 23. Bf4 Rag8 24. Bd3 Rg4 25. Re4 f5 26. Be5+ f6
27. Bxf6+ Bxf6 28. Rxg4 fxg4+ 29. Kg3 Be5+ 30. Kg2 h5 31. Bc4 Rc8 32. Bxe6 Rc1
33. h3 gxh3+ 34. Bxh3 Rc2 35. a4 Bd4 0-1

[Event "Michigan Amateur"]
[Site "Kalamazoo, MI"]
[Date "2002.10.20"]
[Round "4.10"]
[White "Avery, Bill"]
[Black "Neely, Richard"]
[Result "1-0"]
[WhiteElo "1658"]
[BlackElo "1400"]
[PlyCount "55"]
[EventDate "2002.10.19"]

1. d4 Nf6 2. Nf3 g6 3. Bf4 Bg7 4. e3 b6 5. Be2 O-O 6. O-O d6 7. c3 c5 8. h3 Nc6
9. Re1 Qc7 10. dxc5 Ne5 11. cxd6 Nxf3+ 12. Bxf3 Qd8 13. dxe7 Qxe7 14. Bd6 Qe8
15. Bxf8 Qxf8 16. Nd2 Qe7 17. Nb3 Be6 18. Nd4 Rd8 19. Qe2 Bc8 20. Red1 Re8 21.
Rd2 Ne4 22. Bxe4 Qxe4 23. Qf3 Qe7 24. Rad1 b5 25. Nc6 Qg5 26. Rd8 Kf8 27. Rxe8+
Kxe8 28. Rd8+ 1-0

[Event "Michigan Amateur"]
[Site "Kalamazoo, MI"]
[Date "2002.10.20"]
[Round "4.16"]
[White "Aldrich, Justin"]
[Black "DeMott, Kevin"]
[Result "0-1"]
[WhiteElo "1631"]
[BlackElo "1405"]
[PlyCount "136"]
[EventDate "2002.10.19"]

1. e4 c5 2. Nf3 d6 3. Bb5+ Nd7 4. O-O a6 5. Bxd7+ Bxd7 6. c3 Nf6 7. Re1 Bg4 8.
h3 Bh5 9. d4 e6 10. Nbd2 Be7 11. Nf1 h6 12. Ng3 Bg6 13. Qb3 Qc7 14. Bf4 b5 15.
dxc5 Qxc5 16. e5 Nd5 17. exd6 Bxd6 18. Bxd6 Qxd6 19. Rad1 O-O 20. Rd4 Qc7 21.
Qd1 Rfd8 22. Ne5 Bh7 23. Qf3 Nf6 24. Red1 Rac8 25. Rxd8+ Rxd8 26. Rxd8+ Qxd8
27. Nh5 Bg6 28. Nxg6 fxg6 29. Nf4 Qe8 30. Qd3 g5 31. Ne2 Qd7 32. Qxd7 Nxd7 33.
Nd4 Kf7 34. Kf1 e5 35. Nc2 Ke6 36. Nb4 Nc5 37. b3 a5 38. Nc2 Nd3 39. a3 Nc1 40.
b4 a4 41. Ke1 Nd3+ 42. Ke2 Nf4+ 43. Kf3 Nd5 44. g3 Nxc3 45. Ke3 Kd5 46. Kd3 Nd1
47. Ne3+ Nxe3 48. fxe3 e4+ 49. Kc3 h5 50. g4 h4 51. Kd2 Kc4 52. Kc2 g6 53. Kd2
Kb3 54. Kc1 Kxa3 55. Kc2 Kxb4 56. Kb2 Kc4 57. Kc2 a3 58. Kb1 Kd3 59. Ka2 b4 60.
Kb3 Kxe3 61. Ka2 Kd2 62. Kb1 e3 63. Ka2 e2 64. Kb1 e1=Q+ 65. Ka2 b3+ 66. Kxb3
a2 67. Kxa2 Kc2 68. Ka3 Qa5# 0-1

[Event "Michigan Amateur"]
[Site "Kalamazoo, MI"]
[Date "2002.10.20"]
[Round "4.3"]
[White "Aldrich, Jeff"]
[Black "Moroney, Timothy"]
[Result "0-1"]
[WhiteElo "1921"]
[BlackElo "1639"]
[Annotator "Jeff Aldrich"]
[PlyCount "84"]
[EventDate "2002.10.19"]

{Queen's Gambit Declined: Neo-Orthodox (Anti-Tartakower)} 1. d4 d5 2. c4 e6 3.
Nc3 Nf6 4. Bg5 Be7 5. Nf3 h6 6. Bxf6 {The idea of this exchange is to remove
the key defender of the king-side and attacking on the light squares. The
bishop has already committed to being out here, so moving it back is a waste
of time.} Bxf6 7. e3 O-O 8. Qc2 b6 9. Rd1 $6 (9. O-O-O Bb7 10. cxd5 exd5 11. h4
{is much more aggressive.}) 9... Bb7 10. cxd5 exd5 11. Bd3 Qe7 12. O-O Rd8 13.
Ne2 Na6 14. a3 c5 15. Qd2 {White makes the first concession. Black now has a
slight advantage.} Rac8 16. Bb1 Rc7 17. Rfe1 Qe8 18. Nf4 g6 19. Nd3 c4 20. Nde5
{The whole idea behind 18. Nf4, but can White take advantage of the outpost?
This has allowed Black to achieve a nice queen-side majority, which will come
in handy in an endgame.} Re7 21. Qc3 Nc7 22. h4 Nb5 23. Qd2 h5 {Putting an end
to any king-side funny business.} 24. a4 Nd6 25. Qc2 Ne4 26. b3 Rc8 27. bxc4
dxc4 28. Nxc4 $2 Qc6 $2 ({This lets White out.} 28... Rec7 {guarantees Black
the piece.}) 29. Ba2 Ba6 30. Rc1 Rec7 31. Qb3 $2 ({Now, time p ressure becomes
a factor. My immediate thought was that the queen had to stay on the knight
due to White's build up. But, because Black would be leading with the queen,
White should simply play} 31. Qb1 {White is up a pawn and has good endgame
prospects with the passed d-pawn. With the text, the rest of the game is easy
for Black.}) 31... Bxc4 32. Rxc4 Qxc4 33. Qxc4 Rxc4 34. Bxc4 Rxc4 35. Ra1 Rc2
36. a5 b5 37. a6 Rxf2 38. Rb1 Ra2 39. Rxb5 Rxa6 40. Rb8+ Kg7 41. Re8 Nd6 42.
Ra8 Nf5 0-1

[Event "Genesee County CC Championship"]
[Site "Flint, MI"]
[Date "2002.10.23"]
[Round "1.2"]
[White "Whatling, David"]
[Black "Vandivier, Don"]
[Result "0-1"]
[WhiteElo "1341"]
[BlackElo "1945"]
[PlyCount "126"]
[EventDate "2002.10.23"]

1. e4 c5 2. Nc3 d6 3. f4 Nc6 4. Nf3 a6 5. Be2 e6 6. O-O Nd4 7. d3 b5 8. Be3
Nxe2+ 9. Nxe2 Bb7 10. Ng3 d5 11. c3 Nf6 12. Qc2 Rc8 13. exd5 Nxd5 14. Bd2 Bd6
15. Ne2 Qc7 16. Qc1 O-O 17. h3 f6 18. Nh2 e5 19. b3 exf4 20. Nxf4 g5 21. Ne6
Bxh2+ 22. Kh1 Qd6 23. Nxf8 Rxf8 24. Bxg5 Qg3 25. Rf3 Qxg5 26. Qxg5+ fxg5 27.
Rxf8+ Kxf8 28. Kxh2 Nxc3 29. Rc1 b4 30. a3 Bd5 31. axb4 cxb4 32. Ra1 Bxb3 33.
Rxa6 Bc2 34. Rb6 b3 35. Rb4 Nd1 36. d4 b2 37. d5 b1=Q 38. Rxb1 Bxb1 39. d6 Bf5
40. Kg3 Nc3 41. Kf3 Nb5 42. g4 Bg6 43. Kg3 Nxd6 44. h4 h6 45. h5 Be4 46. Kf2
Nc4 47. Kg3 Ke7 48. Kf2 Kf6 49. Kg3 Ke5 50. Kh2 Kf4 51. Kh3 Ne5 52. Kh2 Kxg4
53. Kg1 Kxh5 54. Kh2 Kg4 55. Kg1 Kf3 56. Kf1 Nd3 57. Kg1 g4 58. Kf1 g3 59. Kg1
g2 60. Kh2 Kf2 61. Kh3 Bf5+ 62. Kh4 g1=Q 63. Kh5 Qg5# 0-1

[Event "Genesee County CC Championship"]
[Site "Flint, MI"]
[Date "2002.10.23"]
[Round "1.8"]
[White "Vinton, Troy"]
[Black "Yufa, Leonid"]
[Result "1/2-1/2"]
[WhiteElo "1103"]
[BlackElo "1646"]
[PlyCount "97"]
[EventDate "2002.10.23"]

1. e4 e5 2. Nf3 Nc6 3. Bb5 Nd4 4. Nxd4 exd4 5. O-O c6 6. Ba4 a5 7. c3 b5 8. Bc2
c5 9. d3 d6 10. Bf4 Be7 11. cxd4 cxd4 12. Nd2 Nf6 13. a4 b4 14. Re1 O-O 15.
Bxd6 Bxd6 16. e5 Bxe5 17. Rxe5 Qc7 18. Re1 Be6 19. Bb3 Qd6 20. Rc1 Rac8 21. Bc4
Bg4 22. f3 Be6 23. b3 Bf5 24. Nf1 Rfe8 25. Ng3 Rxe1+ 26. Qxe1 Re8 27. Qf2 Bg6
28. Bb5 Rd8 29. Ne4 Bxe4 30. fxe4 h6 31. Qf3 Nd7 32. Bxd7 Qxd7 33. Rc5 Rc8 34.
Rxc8+ Qxc8 35. Qd1 Qc3 36. e5 Kf8 37. Kf2 Ke7 38. Kf3 Ke6 39. Ke4 Qc5 40. Qg4+
Ke7 41. Qxg7 Qc6+ 42. Kf5 Qe6+ 43. Kf4 Qxb3 44. Qxh6 Qxd3 45. Qd6+ Ke8 46. g4
Qe3+ 47. Kf5 Qf3+ 48. Kg5 Qe3+ 49. Kf5 1/2-1/2

[Event "Genesee County CC Championship"]
[Site "Flint, MI"]
[Date "2002.10.23"]
[Round "1.6"]
[White "Thach, Scott"]
[Black "Gregory, Kevin"]
[Result "0-1"]
[WhiteElo "1780"]
[BlackElo "1204"]
[PlyCount "82"]
[EventDate "2002.10.23"]

1. e4 c5 2. Nf3 d6 3. d3 g6 4. Be2 Bg7 5. c3 Nf6 6. O-O O-O 7. Be3 Nc6 8. Qc2
Bd7 9. h3 Qa5 10. a3 Rfc8 11. Nbd2 b5 12. b4 cxb4 13. axb4 Qc7 14. Qb3 Be6 15.
Qb2 a6 16. Rfc1 d5 17. Bc5 dxe4 18. dxe4 Nd7 19. Bd4 Nxd4 20. cxd4 Qb7 21. e5
Nb6 22. Rxc8+ Rxc8 23. Ng5 Na4 24. Qb1 Nc3 25. Qe1 Nxe2+ 26. Qxe2 Bd5 27. Ngf3
Bh6 28. Nh4 Rc2 29. Rd1 Qc6 30. Qd3 Bg5 31. Nhf3 Bxd2 32. Nxd2 Bxg2 33. Qg3 Bd5
34. Nf1 Rb2 35. Qg5 Qe6 36. Ne3 Bf3 37. Rd3 Qxh3 38. Ng2 Rb1+ 39. Qc1 Rxc1+ 40.
Rd1 Rxd1+ 41. Ne1 Rxe1# 0-1

[Event "Genesee County CC Championship"]
[Site "Flint, MI"]
[Date "2002.10.23"]
[Round "1.9"]
[White "Maul, Tim"]
[Black "Miller, Charlie"]
[Result "1-0"]
[WhiteElo "1635"]
[BlackElo "832"]
[PlyCount "39"]
[EventDate "2002.10.23"]

1. d4 d5 2. c4 dxc4 3. Qa4+ Nc6 4. e3 Nf6 5. Bxc4 e6 6. Bd2 Bd7 7. Nf3 a6 8.
Qc2 Bb4 9. Nc3 Bxc3 10. Bxc3 O-O 11. O-O b5 12. Bd3 g6 13. e4 b4 14. Bd2 a5 15.
Bg5 Qe7 16. e5 h6 17. Bxf6 Qe8 18. Qd2 g5 19. Nxg5 hxg5 20. Qxg5# 1-0

[Event "Genesee County CC Championship"]
[Site "Flint, MI"]
[Date "2002.10.23"]
[Round "2.7"]
[White "Hershberger, Kent"]
[Black "Vinton, Troy"]
[Result "0-1"]
[WhiteElo "1508"]
[BlackElo "1103"]
[PlyCount "68"]
[EventDate "2002.10.23"]

1. e4 c6 2. d4 d5 3. Nd2 dxe4 4. Nxe4 Bf5 5. Ng3 Bg6 6. Nf3 Nd7 7. Be2 e6 8.
O-O Bd6 9. c3 Ngf6 10. Bg5 Qc7 11. Bd3 Bxd3 12. Qxd3 h6 13. Bxf6 Nxf6 14. Ne4
Nxe4 15. Qxe4 O-O-O 16. Rfe1 Rhe8 17. Qg4 f5 18. Qg6 Qd7 19. Ne5 Bxe5 20. Rxe5
Re7 21. Rae1 Rde8 22. h3 Qd6 23. a3 Kd7 24. b4 Rf8 25. f4 Rf6 26. Qh5 Re8 27.
Qf3 Rg8 28. c4 g5 29. d5 cxd5 30. cxd5 Qb6+ 31. Kh1 g4 32. hxg4 Rxg4 33. dxe6+
Ke7 34. Qd3 Rh4+ 0-1

[Event "Genesee County CC Championship"]
[Site "Flint, MI"]
[Date "2002.10.23"]
[Round "1.7"]
[White "Frank, Jim"]
[Black "Poniatowski, Don"]
[Result "0-1"]
[WhiteElo "1737"]
[BlackElo "1165"]
[PlyCount "61"]
[EventDate "2002.10.23"]

1. Nf3 Nf6 2. g3 d5 3. d4 Nc6 4. Nbd2 e6 5. c4 b6 6. Qa4 Bd7 7. cxd5 exd5 8. e3
Na5 9. Qc2 Bd6 10. Bd3 Nc6 11. O-O Nb4 12. Qc3 Nxd3 13. Qxd3 O-O 14. Nh4 Qe8
15. Nf5 Bb5 16. Nxd6 cxd6 17. Qf5 Bxf1 18. Kxf1 Rc8 19. b3 Ne4 20. Qxd5 Nxd2+
21. Bxd2 Rc2 22. Bb4 Qc6 23. Qxd6 Qxd6 24. Bxd6 Rfc8 25. Bb4 a5 26. Be1 Kf8 27.
Kg2 Ke7 28. Kf3 Rc1 29. Rxc1 Rxc1 30. Bd2 Rc2 31. Bc1 0-1

[Event "Genesee County CC Championship"]
[Site "Flint, MI"]
[Date "2002.10.23"]
[Round "1.4"]
[White "Fick II, Douglas"]
[Black "Aldrich, Jeff"]
[Result "1-0"]
[WhiteElo "1289"]
[BlackElo "1921"]
[PlyCount "105"]
[EventDate "2002.10.23"]

1. e4 c6 2. d4 d5 3. exd5 cxd5 4. c4 Nf6 5. Nc3 e6 6. Nf3 Bb4 7. Bd2 Nc6 8. Bd3
O-O 9. a3 Be7 10. cxd5 Nxd5 11. O-O h6 12. Qc2 a6 13. Rfe1 Bd7 14. Nxd5 exd5
15. h3 Be6 16. Rac1 Rc8 17. Qb1 Bf6 18. Bc3 Qd6 19. Ne5 Rfd8 20. Bh7+ Kh8 21.
Bf5 Bxe5 22. dxe5 Qd7 23. Bxe6 Qxe6 24. Bd2 Re8 25. Bf4 Rcd8 26. Qd3 Qd7 27.
Rc2 Re6 28. Bg3 f6 29. Rce2 Rde8 30. exf6 gxf6 31. Rxe6 Rxe6 32. Rxe6 Qxe6 33.
Qg6 Ne5 34. Qxh6+ Kg8 35. Bxe5 Qxe5 36. Qg6+ Kf8 37. Qh6+ Kg8 38. Qd2 Kf7 39.
Qc2 Ke6 40. Qc8+ Kd6 41. Qb8+ Ke6 42. Qxe5+ fxe5 43. g4 d4 44. Kf1 e4 45. Ke2
Ke5 46. h4 Kf4 47. h5 d3+ 48. Kd2 Kf3 49. h6 Kxf2 50. h7 e3+ 51. Kxd3 e2 52.
h8=Q e1=Q 53. Qh4+ 1-0

[Event "Genesee County CC Championship"]
[Site "Flint, MI"]
[Date "2002.10.23"]
[Round "1.1"]
[White "Duncan, Jack"]
[Black "Saylor, Oliver"]
[Result "1-0"]
[WhiteElo "2048"]
[BlackElo "1391"]
[PlyCount "109"]
[EventDate "2002.10.23"]

1. e4 c5 2. Nc3 Nc6 3. f4 d6 4. Nf3 e6 5. d4 cxd4 6. Nxd4 Nf6 7. Be2 Be7 8. Be3
O-O 9. O-O a6 10. Bf3 Rb8 11. Qe2 Nxd4 12. Bxd4 b5 13. e5 Nd7 14. Ba7 Rb7 15.
Bxb7 Bxb7 16. exd6 Bxd6 17. Rad1 Qc7 18. Be3 Nc5 19. a3 Ne4 20. Nxe4 Bxe4 21.
c3 Bd5 22. Rfe1 Bxf4 23. Bxf4 Qxf4 24. Rd4 Qc7 25. Qh5 Qc5 26. h3 f6 27. Rxe6
Qxd4+ 28. cxd4 Bxe6 29. Qc5 Rc8 30. Qd6 Rc1+ 31. Kh2 Bc8 32. Qe7 h6 33. d5 Kh7
34. d6 Rd1 35. Qe4+ f5 36. Qc2 Rxd6 37. Qxc8 Rf6 38. Kg3 Kg6 39. b3 Rd6 40. a4
bxa4 41. bxa4 Rf6 42. a5 Rd6 43. Kf4 Rf6 44. Qe8+ Kh7 45. h4 Rg6 46. Kxf5 Rxg2
47. Qc6 Rf2+ 48. Ke5 Rf6 49. Qxf6 gxf6+ 50. Kxf6 h5 51. Kg5 Kg7 52. Kxh5 Kf6
53. Kg4 Kg6 54. Kf4 Kf6 55. Ke4 1-0

[Event "Genesee County CC Championship"]
[Site "Flint, MI"]
[Date "2002.10.30"]
[Round "2.10"]
[White "Saylor, Oliver"]
[Black "Thach, Scott"]
[Result "0-1"]
[WhiteElo "1391"]
[BlackElo "1204"]
[PlyCount "79"]
[EventDate "2002.10.23"]

1. e4 e6 2. d4 b6 3. Nc3 Bb7 4. Be3 Bb4 5. Qg4 Qf6 6. a3 Bxc3+ 7. bxc3 Ne7 8.
Bd3 Qg6 9. Qh4 Qxg2 10. Qg3 Bxe4 11. Bxe4 Qxe4 12. Nf3 Nf5 13. Qf4 Qxf4 14.
Bxf4 d6 15. c4 Nd7 16. Rb1 c5 17. c3 Rd8 18. O-O f6 19. a4 g5 20. Bc1 h5 21.
Nd2 cxd4 22. cxd4 Nxd4 23. Bb2 Nc6 24. Ne4 Ke7 25. Ba3 Nc5 26. Nd2 Nxa4 27. Nf3
Nc5 28. Bb2 Rd7 29. Rbd1 Na5 30. Nd2 Rc8 31. f4 Nd3 32. Ba1 Nxf4 33. h4 Nh3+
34. Kh2 g4 35. Bxf6+ Ke8 36. Rde1 e5 37. Ne4 Rxc4 38. Re2 Nb3 39. Bg7 Kd8 40.
Bh6 0-1

[Event "Genesee County CC Championship"]
[Site "Flint, MI"]
[Date "2002.10.30"]
[Round "2.9"]
[White "Sanders, Travis"]
[Black "Miller, Charlie"]
[Result "1-0"]
[WhiteElo "1276"]
[BlackElo "832"]
[PlyCount "89"]
[EventDate "2002.10.23"]

1. e4 e5 2. Nf3 Nc6 3. Bc4 Nf6 4. Nc3 Bb4 5. Bd5 Bxc3 6. dxc3 O-O 7. O-O d6 8.
Bxc6 bxc6 9. Bg5 h6 10. Bxf6 Qxf6 11. h3 c5 12. c4 Be6 13. b3 Rad8 14. Qe2 c6
15. Rfd1 Rfe8 16. Qe3 Qf4 17. Qxf4 exf4 18. Rd2 d5 19. Rad1 d4 20. c3 Rd7 21.
cxd4 cxd4 22. Rxd4 Red8 23. e5 g5 24. Rxd7 Rxd7 25. Rxd7 Bxd7 26. Nd4 c5 27.
Nb5 Bxb5 28. cxb5 Kg7 29. Kf1 Kg6 30. Ke2 Kf5 31. Kd3 Kxe5 32. Kc4 Kd6 33. f3
f5 34. a4 h5 35. a5 h4 36. b6 a6 37. b7 Kc7 38. Kxc5 Kxb7 39. Kd5 Kc7 40. Ke5
Kc6 41. Kxf5 Kb5 42. Kxg5 Kxa5 43. Kxh4 Kb4 44. Kg4 Kxb3 45. h4 1-0

[Event "Genesee County CC Championship"]
[Site "Flint, MI"]
[Date "2002.10.30"]
[Round "2.4"]
[White "Poniatowski, Don"]
[Black "Skidmore, Mike"]
[Result "0-1"]
[WhiteElo "1165"]
[BlackElo "1857"]
[PlyCount "62"]
[EventDate "2002.10.23"]

1. e4 c6 2. d4 d5 3. e5 Bf5 4. Nf3 e6 5. Be2 Nd7 6. O-O c5 7. c4 Bxb1 8. Rxb1
cxd4 9. cxd5 exd5 10. Qxd4 Bc5 11. Qd3 Ne7 12. Be3 Bxe3 13. Qxe3 O-O 14. Nd4
Ng6 15. f4 Qb6 16. Qd2 Nc5 17. Bd3 Ne6 18. Bxg6 Nxd4 19. Bxh7+ Kxh7 20. Qd3+ g6
21. Kh1 Kg7 22. Rfd1 Nf5 23. g4 Ne3 24. Rg1 d4 25. Qe4 Qc6 26. Qxc6 bxc6 27.
Rbc1 Rac8 28. f5 Rfe8 29. f6+ Kg8 30. Rc5 d3 31. Rc3 Red8 0-1

[Event "Genesee County CC Championship"]
[Site "Flint, MI"]
[Date "2002.10.30"]
[Round "2.3"]
[White "Hazzard, Bill"]
[Black "Kriseler, Mark"]
[Result "1/2-1/2"]
[WhiteElo "1624"]
[BlackElo "1931"]
[PlyCount "102"]
[EventDate "2002.10.23"]

1. d4 e6 2. e4 b6 3. Nc3 Bb4 4. Nf3 Bb7 5. Bd3 Nf6 6. Qe2 Qe7 7. Bg5 Bxc3+ 8.
bxc3 h6 9. Bf4 Nc6 10. Bxc7 d6 11. Bxd6 Qxd6 12. e5 Qa3 13. O-O Nd5 14. c4 Nf4
15. Qd2 Nxd3 16. cxd3 O-O 17. d5 exd5 18. cxd5 Nb4 19. d6 Bxf3 20. gxf3 Nxd3
21. Qe3 Qa6 22. Rfd1 Nc5 23. f4 Qb7 24. f3 Qd7 25. Rd2 Rac8 26. Rg2 Rfe8 27.
Rd1 Rc6 28. Qd2 Rd8 29. Qd5 Rcc8 30. Re2 Qc6 31. f5 Qxd5 32. Rxd5 Rc6 33. e6
fxe6 34. fxe6 Nxe6 35. Rxe6 Kf7 36. Re7+ Kf6 37. Rxa7 Rdxd6 38. Rxd6+ Rxd6 39.
Kf2 g5 40. Kg3 Rd5 41. Rb7 Rd6 42. a4 Kf5 43. Rb8 Rf6 44. Rb7 h5 45. a5 h4+ 46.
Kg2 bxa5 47. Rb5+ Kf4 48. Rxa5 Rd6 49. Ra4+ Ke3 50. Re4+ Kd3 51. Kh3 Rd4
1/2-1/2

[Event "Genesee County CC Championship"]
[Site "Flint, MI"]
[Date "2002.10.30"]
[Round "2.5"]
[White "Gregory, Kevin"]
[Black "Fick II, Douglas"]
[Result "1/2-1/2"]
[WhiteElo "1780"]
[BlackElo "1289"]
[PlyCount "93"]
[EventDate "2002.10.23"]

1. d4 Nf6 2. Nf3 g6 3. Bf4 Bg7 4. e3 O-O 5. h3 d6 6. Be2 Nbd7 7. O-O c5 8. c3
a6 9. a4 cxd4 10. cxd4 Nd5 11. Bh2 Qa5 12. Nbd2 N5b6 13. Qb3 e5 14. dxe5 Nxe5
15. Bxe5 dxe5 16. Nc4 Nxc4 17. Bxc4 Rb8 18. Ng5 Qc7 19. Rac1 Qe7 20. Ne4 Bf5
21. Ng3 Bd7 22. a5 Rfe8 23. Rfd1 Kf8 24. Ne4 Be6 25. Bxe6 Qxe6 26. Qxe6 Rxe6
27. Ng5 Rc6 28. Nxh7+ Ke7 29. Ng5 f5 30. b4 Rbc8 31. Rxc6 Rxc6 32. Rb1 b5 33.
Nf3 e4 34. Nd2 Rc2 35. Nb3 Rc6 36. Rc1 Rxc1+ 37. Nxc1 Bc3 38. Na2 Bb2 39. Kf1
Ke6 40. Ke2 Kd5 41. Kd2 Kc4 42. Kc2 Ba3 43. f3 Bxb4 44. Nxb4 Kxb4 45. f4 Kc4
46. g4 fxg4 47. hxg4 1/2-1/2

[Event "Genesee County CC Championship"]
[Site "Flint, MI"]
[Date "2002.10.30"]
[Round "2.1"]
[White "Aldrich, Justin"]
[Black "Duncan, Jack"]
[Result "0-1"]
[WhiteElo "1631"]
[BlackElo "2048"]
[PlyCount "82"]
[EventDate "2002.10.23"]

1. e4 Nf6 2. Nc3 d5 3. exd5 Nxd5 4. Nxd5 Qxd5 5. Nf3 e5 6. d3 Bc5 7. Be2 Nc6 8.
O-O O-O 9. Nd2 Nd4 10. Bf3 Nxf3+ 11. Qxf3 Be6 12. Ne4 Be7 13. Qg3 Bf5 14. Nc3
Qd6 15. Re1 f6 16. Qf3 Bc8 17. Qh5 Be6 18. Ne4 Qd7 19. Ng3 Bg4 20. Qh4 g5 21.
Qh6 Rf7 22. Ne4 Qd8 23. Nxg5 fxg5 24. Rxe5 Qd4 25. Rxg5+ Bxg5 26. Qxg5+ Rg7 27.
Qf4 Re8 28. Be3 Qxf4 29. Bxf4 Re2 30. Rc1 Re6 31. Be3 Bf3 32. g3 Kf7 33. h4 Kg6
34. a4 Kf5 35. Kh2 Kg4 36. c3 Rge7 37. d4 Rxe3 38. fxe3 Rxe3 39. Rc2 Re1 40.
Rg2 Bxg2 41. Kxg2 Re2+ 0-1

[Event "Genesee County CC Championship"]
[Site "Flint, MI"]
[Date "2002.10.30"]
[Round "2.8"]
[White "Aldrich, Jeff"]
[Black "Brownfield, Jason"]
[Result "1-0"]
[WhiteElo "1921"]
[BlackElo "1072"]
[PlyCount "53"]
[EventDate "2002.10.23"]

1. d4 Nf6 2. c4 g6 3. Nc3 Bg7 4. e4 O-O 5. e5 Nh5 6. g4 Nf6 7. exf6 Bxf6 8. Be3
e5 9. d5 d6 10. Ne4 Bh8 11. g5 Bf5 12. Bd3 c6 13. Qf3 cxd5 14. cxd5 Qa5+ 15.
Bd2 Qd8 16. Ne2 Nd7 17. N2g3 Bxe4 18. Nxe4 Qe7 19. Bb5 Nc5 20. Nf6+ Bxf6 21.
gxf6 Qc7 22. Qe3 Kh8 23. Rg1 Rg8 24. Rg3 a6 25. Qh6 axb5 26. Qxh7+ Kxh7 27.
Rh3# 1-0